000 00701nam a2200193Ii 4500
003 JO-AjNU
008 230605s9999||||xx |||||||||||||| ||und||
040 _aJO-AjNU
_bara
_erda
_cJO-AjNU
041 _aara
050 1 4 _aLB1530.S4764 1987
100 3 _aعلي، سر الختم عثمان,
_eauthor
_938675
245 0 0 _aتخطيط الدروس في المواد الإجتماعية
264 3 1 _aالرياض:دار الفرقان،1987
300 _a160ص
336 _atext
_btxt
_2rdacontent
337 _aunmediated
_bn
_2rdamedia
338 _avolume
_bnc
_2rdacarrier
650 4 _a تدريس-أساليب. معلمون-تدريب. علوم إجتماعية-تعلم وتعليم.
_938676
999 _aA16269
_c19837
_d19837